A 2023-as Budapesti Atlétikai Világbajnokság Gazdasági Hatásai

Bibliográfiai részletek
Szerző: Farkas Philipp
További közreműködők: Fábián Tamás Zoltán
Dokumentumtípus: Diplomadolgozat
Kulcsszavak:Budapest
Budapesti Atlétikai Világbajnokság
gazdasági hatás
nemzetközi rendezvények
sportverseny
Online Access:http://dolgozattar.uni-bge.hu/60101

MARC

LEADER 00000nta a2200000 i 4500
001 dolg60101
005 20260409150006.0
008 260409suuuu hu om 000 hun d
040 |a BGE Dolgozattár Repozitórium  |b hun 
041 |a hu 
100 1 |a Farkas Philipp 
245 1 2 |a A 2023-as Budapesti Atlétikai Világbajnokság Gazdasági Hatásai  |c Farkas Philipp  |h [elektronikus dokumentum] 
520 3 |a A 2023-as budapesti atlétikai világbajnokság összességében nemcsak egy kiemelkedő sporteseményként vonult be a történelembe, hanem hosszú távú városfejlesztési, turisztikai és gazdasági befektetésként is, amely nemzetközi szinten is példamutató. Budapest ezzel az eseménnyel bebizonyította, hogy képes professzionális szinten, magas színvonalon és eredményesen megszervezni egy ilyen léptékű rendezvényt, miközben nemcsak a sportvilágot, hanem a globális közvéleményt is tartósan lenyűgözte. Az eseményeken szerzett tapasztalatok, a kiépített infrastruktúra és a sikeres lebonyolítás olyan szilárd alapot teremtett, amelyre a város a jövőben is magbiztosan és eredményesen építhet. 
695 |a Budapest 
695 |a Budapesti Atlétikai Világbajnokság 
695 |a gazdasági hatás 
695 |a nemzetközi rendezvények 
695 |a sportverseny 
700 1 |a Fábián Tamás Zoltán  |e ths 
856 4 0 |u http://dolgozattar.uni-bge.hu/60101/1/A%202023-as%20Budapesti%20Atl%C3%A9tikai%20Vil%C3%A1gbajnoks%C3%A1g%20Gazdas%C3%A1gi%20Hat%C3%A1sai.pdf  |z Dokumentum-elérés 
856 4 0 |u http://dolgozattar.uni-bge.hu/60101/2/Farkas%20Philipp%20b%C3%ADr%C3%A1lat%20MG.pdf  |z Dokumentum-elérés 
856 4 0 |u http://dolgozattar.uni-bge.hu/60101/3/Farkas%20Philipp_BA_magyar_F%C3%A1bi%C3%A1n%20Tam%C3%A1s_konzulensi.pdf  |z Dokumentum-elérés